000 00308nam a22001457a 4500
008 230707b ||||| |||| 00| 0 eng d
020 _a9780275981273
041 _aeng
080 _a34
082 _a34KOH
100 _a32
101 _aJURE
245 _aWHISTLEBLOWER LAW
_cKOHN .M.S
942 _2udc
_cBK
999 _c60124
_d60124